00536nam a22001697a 450000500170000001000150001702000260003203500130005803700130007108200120008410000230009624500700011926000340018927000780022330000250030150000400032620131220115926.0 aENG-108879 c300.00a9788122506921 aEN-92412 bDBAD/PUB a371.102 aSrivastava, Anjana aAttitude and job satisfaction of teachers /cby Anjana Srivastava aNew DelhibKitab Mahal c2013 a8, Hari Sadan, Ground Floor, 20, Ansari Road DaryaganjbNew Delhie110002 axiii,127p.c22cm(Hb) aIncludes bibliogarphical references